[Event "19th Kolkata GM Open 2014"]
[Site "Kolkata IND"]
[Date "2014.03.26"]
[Round "9.15"]
[White "Palit, Somak"]
[Black "Konguvel, Ponnuswamy"]
[Result "0-1"]
[WhiteTitle "IM"]
[BlackTitle "IM"]
[WhiteElo "2421"]
[BlackElo "2347"]
[WhiteFideId "5010454"]
[BlackFideId "5000548"]
[EventDate "2014.03.18"]

1. e4 c5 2. Nf3 d6 3. Bb5+ Bd7 4. c4 Nf6 5. Nc3 g6 6. O-O Bg7 7. d4 cxd4 8. Nxd4
O-O 9. Bxd7 Qxd7 10. f3 Rc8 11. b3 d5 12. exd5 Nxd5 13. Nxd5 e6 14. Bh6 exd5 15.
Bxg7 Kxg7 16. c5 Na6 17. f4 Nxc5 18. f5 Ne4 19. Rf4 Qc7 20. Rf3 Qb6 21. Kh1 Rc3
22. Qg1 Rac8 23. Rd1 Kg8 24. Qf1 Rxf3 25. gxf3 Nc3 26. Rd2 Nxa2 27. Qe2 Nb4 28.
f4 Qc7 29. fxg6 hxg6 30. f5 Qf4 31. fxg6 Rc1+ 32. Kg2 Qg5+ 33. Kh3 Qh6+ 34. Kg2
Qxg6+ 35. Kf3 Rc3+ 36. Kf4 Qh6+ 37. Kf5 Re3 38. Qg2+ Kh7 39. Qg4 Nc6 40. Nxc6
Qe6+ 41. Kg5 Qh6+ 42. Kf5 Qe6+ 43. Kg5 Qg6+ 0-1

[Event "19th Kolkata GM Open 2014"]
[Site "Kolkata IND"]
[Date "2014.03.27"]
[Round "10.1"]
[White "Vidit, Santosh Gujrathi"]
[Black "Lalith, Babu M.R."]
[Result "0-1"]
[WhiteTitle "GM"]
[BlackTitle "GM"]
[WhiteElo "2602"]
[BlackElo "2585"]
[WhiteFideId "5029465"]
[BlackFideId "5024595"]
[EventDate "2014.03.18"]

1. d4 Nf6 2. c4 e6 3. Nf3 b6 4. g3 Ba6 5. b3 Bb7 6. Bg2 Bb4+ 7. Bd2 c5 8. O-O
O-O 9. Bc3 Qe7 10. Bb2 cxd4 11. a3 Bc3 12. Nxc3 dxc3 13. Bxc3 Na6 14. b4 Rfd8
15. Qb3 Ne4 16. Bb2 d5 17. cxd5 Bxd5 18. Qe3 Nc7 19. Rac1 Rac8 20. Ne5 Nf6 21.
Nc6 Bxc6 22. Bxc6 Ncd5 23. Qe5 Qc7 24. Qxc7 Rxc7 25. Be5 Rcc8 26. Bb7 Rxc1 27.
Rxc1 Kf8 28. Kg2 Ne8 29. b5 f6 30. Bb2 Ndc7 31. a4 Rd2 32. Ba3+ Kf7 33. e3 Nd5
34. e4 Ne3+ 35. Kg1 Nc2 36. Bb2 Nd4 37. Bc3 Ne2+ 38. Kf1 Ra2 39. Rd1 Nxc3 40.
Rd7+ Kg6 41. Bc6 Nxa4 42. Rd8 Nc7 43. Rd7 Nxb5 44. Bxb5 Nc5 45. Re7 Nxe4 46. Bd3
f5 47. Rxe6+ Kg5 48. h4+ Kg4 49. Bxe4 fxe4 50. Rxe4+ Kf5 51. Re7 Kf6 52. Rb7 h5
53. f3 g6 54. g4 hxg4 55. fxg4 Ra4 56. h5 gxh5 57. gxh5 Kg5 58. Rh7 Ra2 59. Ke1
a5 60. Kd1 Rf2 61. Rh8 Rf6 62. Kc2 Rh6 63. Rg8+ Kf5 64. Kb3 Rxh5 65. Rb8 Rh3+
66. Ka4 Rh4+ 67. Ka3 Rb4 68. Re8 Kf6 69. Re2 b5 70. Re8 Kf5 71. Rh8 Rg4 72. Rb8
Ra4+ 73. Kb3 Rb4+ 74. Ka3 Ke5 75. Rh8 Rf4 76. Rb8 Ra4+ 77. Kb3 Rb4+ 78. Ka3 Kd6
79. Ra8 Ra4+ 80. Kb3 Kc6 81. Rc8+ Kb7 82. Rh8 Rc4 83. Rh7+ Kb6 84. Rh6+ Rc6 85.
Rh3 a4+ 86. Kb4 Rc4+ 87. Ka3 Ka5 88. Rh5 Rc3+ 89. Kb2 Re3 90. Ka2 a3 91. Rh4 b4
92. Rh8 Re2+ 93. Ka1 Ka4 94. Rh3 Re1+ 95. Ka2 b3+ 96. Rxb3 Re2+ 97. Kb1 Kxb3 0-1

[Event "19th Kolkata GM Open 2014"]
[Site "Kolkata IND"]
[Date "2014.03.27"]
[Round "10.2"]
[White "Rahman, Ziaur"]
[Black "Barbosa, Oliver"]
[Result "1/2-1/2"]
[WhiteTitle "GM"]
[BlackTitle "GM"]
[WhiteElo "2486"]
[BlackElo "2564"]
[WhiteFideId "10200037"]
[BlackFideId "5201640"]
[EventDate "2014.03.18"]

1. d4 d5 2. Nf3 Nf6 3. e3 Bf5 4. c4 c6 5. Nc3 e6 6. Nh4 Be4 7. f3 Bg6 8. Qb3 Qc7
9. Bd2 a6 10. Rc1 Nbd7 11. cxd5 Nxd5 12. e4 Nxc3 13. Rxc3 Be7 14. Nxg6 hxg6 15.
g3 a5 16. a3 O-O 17. Kf2 e5 18. dxe5 Qxe5 19. Bf4 Qf6 20. h4 Bd6 21. Bxd6 Qxd6
22. Be2 Nc5 23. Qc4 Ne6 24. Rd1 Qc7 25. Kg2 Rad8 26. Rcd3 Rxd3 27. Rxd3 Rd8 28.
Qc3 g5 29. hxg5 Nxg5 30. Rxd8+ Qxd8 31. Qe3 b5 32. f4 Ne6 33. Bg4 Nd4 34. Qc3
Qb6 35. b4 axb4 36. axb4 Qa7 37. Kh3 g6 38. f5 gxf5 1/2-1/2

[Event "19th Kolkata GM Open 2014"]
[Site "Kolkata IND"]
[Date "2014.03.27"]
[Round "10.3"]
[White "Kunte, Abhijit"]
[Black "Adhiban, Baskaran"]
[Result "1/2-1/2"]
[WhiteTitle "GM"]
[BlackTitle "GM"]
[WhiteElo "2439"]
[BlackElo "2608"]
[WhiteFideId "5002265"]
[BlackFideId "5018471"]
[EventDate "2014.03.18"]

1. d4 Nf6 2. Nf3 g6 3. Bg5 Bg7 4. Nbd2 O-O 5. c3 d6 6. e3 h6 7. Bh4 Qe8 8. Be2
e5 9. O-O Nbd7 10. dxe5 dxe5 11. e4 Nh5 12. Re1 Nf4 13. Bf1 Nc5 14. Qc2 a5 15.
Nc4 b5 16. Ne3 Bb7 17. Nd2 Qc6 18. f3 Ba6 19. b4 Na4 20. Rac1 axb4 21. cxb4 Qxc2
22. Rxc2 Rfc8 23. Nb3 Bf8 24. a3 c5 25. bxc5 Nxc5 1/2-1/2

[Event "19th Kolkata GM Open 2014"]
[Site "Kolkata IND"]
[Date "2014.03.27"]
[Round "10.4"]
[White "Landa, Konstantin"]
[Black "Sethuraman, S.P."]
[Result "1/2-1/2"]
[WhiteTitle "GM"]
[BlackTitle "GM"]
[WhiteElo "2645"]
[BlackElo "2578"]
[WhiteFideId "4101685"]
[BlackFideId "5021596"]
[EventDate "2014.03.18"]

1. d4 d5 2. c4 c6 3. Nf3 Nf6 4. cxd5 cxd5 5. Nc3 Nc6 6. Bf4 a6 7. e3 Bf5 8. Bd3
Bxd3 9. Qxd3 e6 10. O-O Bd6 11. Bxd6 Qxd6 12. Rfc1 O-O 13. Na4 Nd7 14. Nc5 Nxc5
15. Rxc5 Rfc8 16. Rac1 Ne7 17. h3 Rxc5 18. Rxc5 Rc8 19. Rxc8+ Nxc8 20. Qc3 Ne7
21. Ne5 f6 22. Nd3 b6 23. a3 Kf7 24. Nb4 a5 25. Nd3 Qc6 26. Qxc6 1/2-1/2

[Event "19th Kolkata GM Open 2014"]
[Site "Kolkata IND"]
[Date "2014.03.27"]
[Round "10.5"]
[White "Deepan, Chakkravarthy J."]
[Black "Grigoryan, Avetik"]
[Result "1/2-1/2"]
[WhiteTitle "GM"]
[BlackTitle "GM"]
[WhiteElo "2496"]
[BlackElo "2583"]
[WhiteFideId "5011132"]
[BlackFideId "13302191"]
[EventDate "2014.03.18"]

1. c4 c5 2. Nc3 Nc6 3. g3 g6 4. Bg2 Bg7 5. Nf3 Nf6 6. O-O O-O 7. d4 cxd4 8. Nxd4
Qa5 9. Nc2 d6 10. h3 Ne5 11. Ne3 Be6 12. Ncd5 Bxd5 13. cxd5 Rfc8 14. Bd2 Qa6 15.
Bc3 Nfd7 16. Nc2 Nb6 17. f4 Ned7 18. Bxg7 Kxg7 19. b3 Qa5 20. Kh2 Qc3 21. Nd4
Qb2 22. a4 Nf6 23. Rb1 Qc3 24. e4 Nbd7 25. Rf3 Qb4 26. Re3 Nb6 27. Re2 a5 28.
Nb5 h5 29. e5 Ne8 30. Re4 Qc5 31. f5 Qxd5 32. Qe2 gxf5 33. Rh4 Qxe5 34. Qxh5 Kf8
35. Re1 Qf6 36. Nd4 Rc5 37. Qh7 e6 38. Nxe6+ fxe6 39. Qxb7 Rc7 40. Qxb6 Rac8 41.
Qxa5 1/2-1/2

[Event "19th Kolkata GM Open 2014"]
[Site "Kolkata IND"]
[Date "2014.03.27"]
[Round "10.6"]
[White "Konguvel, Ponnuswamy"]
[Black "Short, Nigel D"]
[Result "0-1"]
[WhiteTitle "IM"]
[BlackTitle "GM"]
[WhiteElo "2347"]
[BlackElo "2674"]
[WhiteFideId "5000548"]
[BlackFideId "400025"]
[EventDate "2014.03.18"]

1. e4 e5 2. Nf3 Nc6 3. d4 exd4 4. Nxd4 Qf6 5. Nxc6 Bc5 6. Qf3 bxc6 7. Nd2 Qxf3
8. gxf3 d5 9. Nb3 Bd6 10. Be3 Nf6 11. Bg2 O-O 12. O-O-O Re8 13. Nc5 a5 14. a4
Nd7 15. Nxd7 Bxd7 16. b3 Be6 17. f4 Bg4 18. Rd4 Bc5 19. Rd3 Ba3+ 20. Kb1 dxe4
21. Rc3 Re6 22. Bc5 Bxc5 23. Rxc5 g6 24. Re1 f5 25. Bf1 Rd6 26. Be2 h5 27. Bxg4
hxg4 28. h3 gxh3 29. Rh1 Kg7 30. Rxh3 Rad8 31. Re5 R8d7 32. f3 Rd1+ 33. Kb2 Rf1
34. fxe4 Rxf4 35. exf5 Rxf5 36. Re6 Rc5 37. Rg3 g5 38. Rh3 g4 39. Rg3 Rd4 40.
Rc3 Rxc3 41. Kxc3 Rd6 42. Re1 Kf6 43. b4 Rd5 44. bxa5 Rxa5 45. Ra1 Kg5 46. Kd2
Kh4 47. Ke3 Kh3 48. Kf4 g3 49. Ra3 Kh2 50. Kg4 0-1

[Event "19th Kolkata GM Open 2014"]
[Site "Kolkata IND"]
[Date "2014.03.27"]
[Round "10.7"]
[White "Fedorchuk, Sergey A."]
[Black "Danielsen, Henrik"]
[Result "1-0"]
[WhiteTitle "GM"]
[BlackTitle "GM"]
[WhiteElo "2647"]
[BlackElo "2501"]
[WhiteFideId "14102536"]
[BlackFideId "1400185"]
[EventDate "2014.03.18"]

1. e4 d5 2. exd5 Qxd5 3. Nc3 Qd8 4. d4 Nf6 5. Nf3 Bg4 6. h3 Bxf3 7. Qxf3 c6 8.
Ne2 Nbd7 9. g3 g6 10. Bg2 Bg7 11. O-O O-O 12. Rd1 e5 13. Qb3 Qc7 14. dxe5 Nxe5
15. Bf4 Nfd7 16. a4 Nc5 17. Qb4 Ne6 18. Be3 a5 19. Qb3 Nd7 20. Nc3 Ndc5 21. Qc4
Na6 22. Rd2 Rfd8 23. Rad1 Rxd2 24. Rxd2 Rd8 25. Rxd8+ Qxd8 26. Bxc6 Nb4 27. Be4
Ng5 28. h4 Nxe4 29. Qxe4 Qd7 30. Bc5 Nc6 31. Kg2 h5 32. Bb6 Bf6 33. Be3 Nb4 34.
Kh2 Bg7 35. Bb6 Nc6 36. Kg2 Bf6 37. Qd3 Qe6 38. Qe3 Qd7 39. b3 1-0